=LDR 00000nam 2200000 4500 =001 NUTBA000000000000687 =005 20201113011713 =035 ##$$a 0010-031400000000686 =008 201113################g##########0#ind## =082 ##$$a 307.095 981 5 =245 ##$$a Dampak pengembangan pariwisata terhadap kehidupan budaya daerah jambi /$c Drs. H. Ilyas Latief; Editor, Refisrul =260 ##$$a Jambi :$b Depdikbud,$c 1994 =300 ##$$a xii,112 hlm. : $b ilus. ; $c 22 x 14 cm =084 ##$$a 307.095 981 5 DAM =650 #4$$a Pariwisata-budaya daerah jambi =990 ##$$a 92003/BPAP-NTB/2014 =990 ##$$a 00088318